000 00578nam a2200217 a 4500
001 17284
003 CO-ViMGA
008 141112s2004 ck r 000 u spa d
020 _a8432981400
040 _aCO-ViMGA
_bspa
_cCO-ViMGA
082 0 4 _a745 K713j
100 1 _aKrafft, Hanns Peter
_924588
245 1 0 _aJuguetes de madera
250 _a2
260 _aBarcelona (España),
_cCeac,
_c1996
300 _a31.p.Patrones naturales
590 _aForma de adquisición : Premio - Mincultura
650 1 4 _aJUGUETES
_950693
650 1 4 _aTRABAJOS MANUALES
942 _2ddc
_cBK
999 _c26853
_d26853